[Event "Madrid-ch 2018-2019 - Semifinal"]
[Site "Madrid ESP"]
[Date "2019.05.06"]
[Round "1.1"]
[White "Gonzalez Rivera, Eduardo"]
[Black "Perez Gonzalez, Jose Manuel"]
[Result "1/2-1/2"]
[WhiteElo "1998"]
[BlackElo "2228"]
[PlyCount "69"]
[EventDate "2019.05.06"]
[EventType "swiss"]
[EventRounds "9"]
[EventCountry "ESP"]
[SourceTitle "Ajedrez en Madrid"]
[Source "lmi"]
[SourceDate "2019.05.06"]
[SourceVersion "1"]
[SourceVersionDate "2019.05.20"]
[SourceQuality "2"]

1. e4 c5 2. Nf3 d6 3. d4 cxd4 4. Nxd4 Nf6 5. Nc3 e6 6. Be3 Be7 7. f3 Nc6 8. Qd2
O-O 9. O-O-O a6 10. g4 Nd7 11. Kb1 Nde5 12. Qg2 Nxd4 13. Bxd4 Nc6 14. Be3 b5
15. h4 Bb7 16. g5 Rc8 17. g6 fxg6 18. h5 g5 19. h6 g6 20. Qg4 Rf6 21. Bxg5 Ne5
22. Qh3 Rf7 23. f4 Bxg5 24. fxe5 b4 25. Na4 Bxe4 26. Rh2 Qa5 27. Qxe6 Bf5 28.
Qb3 Qxe5 29. Re2 Qf4 30. Bg2 Bg4 31. Rf1 Bxe2 32. Rxf4 Bxf4 33. Bd5 Rcf8 34.
Qh3 Bh5 35. Bxf7+ 1/2-1/2

[Event "Madrid-ch 2018-2019 - Semifinal"]
[Site "Madrid ESP"]
[Date "2019.05.06"]
[Round "1.2"]
[White "Yañez Rodriguez, Wilbert"]
[Black "Rojas Pozo, Jose Luis"]
[Result "1/2-1/2"]
[WhiteElo "2217"]
[BlackElo "1974"]
[PlyCount "124"]
[EventDate "2019.05.06"]
[EventType "swiss"]
[EventRounds "9"]
[EventCountry "ESP"]
[SourceTitle "Ajedrez en Madrid"]
[Source "lmi"]
[SourceDate "2019.05.06"]
[SourceVersion "1"]
[SourceVersionDate "2019.05.20"]
[SourceQuality "2"]

1. c4 Nf6 2. Nf3 e6 3. g3 d5 4. b3 Be7 5. Bb2 c5 6. Bg2 O-O 7. O-O b6 8. e3 Bb7
9. Qe2 Nbd7 10. d3 Qc7 11. Nc3 Bc6 12. Ne1 a6 13. f4 b5 14. g4 b4 15. Nd1 Ne8
16. g5 dxc4 17. bxc4 Bxg2 18. Qxg2 Nd6 19. e4 Qb7 20. Rf3 a5 21. Rh3 Rfb8 22.
Nf3 Nf8 23. Qg4 Nxe4 24. dxe4 Qxe4 25. Nf2 Qxc4 26. Ne5 Qc2 27. Nc6 Re8 28. Be5
c4 29. Nxe7+ Rxe7 30. Qd1 Qxd1+ 31. Rxd1 Rd7 32. Kf1 Rad8 33. Ke2 Ng6 34. Rxd7
Rxd7 35. Rf3 Nxe5 36. fxe5 Rd5 37. Re3 a4 38. Re4 Rc5 39. Kd2 Kf8 40. Kc2 b3+
41. Kc3 bxa2 42. Re1 Rxe5 43. Ra1 Re2 44. Ng4 Rg2 45. h3 Rg3+ 46. Kxc4 Rxh3 47.
Rxa2 Rh5 48. Rxa4 Rxg5 49. Kd3 Rd5+ 50. Ke3 Ke7 51. Kf4 f6 52. Ne3 Rd7 53. Ke4
h5 54. Ra8 Kf7 55. Rh8 Kg6 56. Ng2 e5 57. Nh4+ Kg5 58. Nf3+ Kg4 59. Nh2+ Kg5
60. Nf3+ Kg4 61. Nh2+ Kg5 62. Nf3+ Kg4 1/2-1/2

[Event "Madrid-ch 2018-2019 - Semifinal"]
[Site "Madrid ESP"]
[Date "2019.05.06"]
[Round "1.3"]
[White "Vazquez Gonzalez, Francisco"]
[Black "Rodriguez Melendez, Juan Humbert"]
[Result "0-1"]
[WhiteElo "1968"]
[BlackElo "2212"]
[PlyCount "70"]
[EventDate "2019.05.06"]
[EventType "swiss"]
[EventRounds "9"]
[EventCountry "ESP"]
[SourceTitle "Ajedrez en Madrid"]
[Source "lmi"]
[SourceDate "2019.05.06"]
[SourceVersion "1"]
[SourceVersionDate "2019.05.20"]
[SourceQuality "2"]

1. e4 c5 2. Nc3 Nc6 3. a3 a6 4. Nf3 d6 5. d4 cxd4 6. Nxd4 e6 7. Be2 Nf6 8. O-O
Be7 9. Be3 O-O 10. f4 Bd7 11. Kh1 b5 12. Qe1 Nxd4 13. Bxd4 Bc6 14. Qg3 Qd7 15.
Rad1 Qb7 16. Bf3 a5 17. Bxf6 Bxf6 18. e5 dxe5 19. fxe5 Be7 20. Bxc6 Qxc6 21.
Rf4 Rad8 22. Rdf1 b4 23. axb4 axb4 24. Ne4 Qxc2 25. Rg4 g6 26. h4 Rd1 27. Rxd1
Qxd1+ 28. Kh2 Kg7 29. h5 Qc1 30. Rf4 Qxb2 31. Rf6 Qe2 32. hxg6 hxg6 33. Qf3
Qxf3 34. Rxf3 Rb8 35. Rb3 Rb5 0-1

[Event "Madrid-ch 2018-2019 - Semifinal"]
[Site "Madrid ESP"]
[Date "2019.05.06"]
[Round "1.4"]
[White "De La Fuente Gonzalez, Francisco"]
[Black "Bello Burguet, Glenier Lazaro"]
[Result "1-0"]
[WhiteElo "2205"]
[BlackElo "1961"]
[PlyCount "57"]
[EventDate "2019.05.06"]
[EventType "swiss"]
[EventRounds "9"]
[EventCountry "ESP"]
[SourceTitle "Ajedrez en Madrid"]
[Source "lmi"]
[SourceDate "2019.05.06"]
[SourceVersion "1"]
[SourceVersionDate "2019.05.20"]
[SourceQuality "2"]

1. Nf3 d5 2. c4 e6 3. g3 Nf6 4. b3 Be7 5. Bb2 O-O 6. Bg2 c5 7. cxd5 exd5 8. d4
Nc6 9. O-O Bf5 10. Nc3 Rc8 11. Rc1 b6 12. e3 c4 13. Ne5 cxb3 14. Nxd5 Bc2 15.
Nxc6 Rxc6 16. Nxe7+ Qxe7 17. Qe2 Rcc8 18. axb3 Bxb3 19. Qa6 Rxc1 20. Rxc1 Qb4
21. Ba3 Qd2 22. Rc8 Re8 23. Bc6 Qd1+ 24. Kg2 Qg4 25. Rxe8+ Nxe8 26. Qxa7 h5 27.
Qa8 h4 28. Qxe8+ Kh7 29. Qe4+ 1-0

[Event "Madrid-ch 2018-2019 - Semifinal"]
[Site "Madrid ESP"]
[Date "2019.05.06"]
[Round "1.5"]
[White "Panduru, Eugen"]
[Black "Martinez Fernandez, Raul"]
[Result "1/2-1/2"]
[WhiteElo "1934"]
[BlackElo "2202"]
[PlyCount "157"]
[EventDate "2019.05.06"]
[EventType "swiss"]
[EventRounds "9"]
[EventCountry "ESP"]
[SourceTitle "Ajedrez en Madrid"]
[Source "lmi"]
[SourceDate "2019.05.06"]
[SourceVersion "1"]
[SourceVersionDate "2019.05.20"]
[SourceQuality "2"]

1. e4 e5 2. Nc3 Nf6 3. d3 d5 4. Bg5 d4 5. Nce2 Bb4+ 6. Bd2 Qd6 7. Nf3 Nc6 8.
Ng3 Bd7 9. Be2 O-O-O 10. a3 Bxd2+ 11. Qxd2 Ne7 12. Qa5 Nc6 13. Qd2 h5 14. h4 g6
15. Ng5 Rdf8 16. c4 dxc3 17. bxc3 Ne8 18. Qa2 Qc5 19. Qb2 Nd6 20. a4 Qa5 21.
O-O f6 22. Nf3 g5 23. d4 g4 24. Nd2 exd4 25. cxd4 Qb6 26. Qxb6 axb6 27. Nb3 f5
28. e5 Ne8 29. Bc4 Ng7 30. Rfe1 Na5 31. Nxa5 bxa5 32. d5 Kb8 33. e6 Be8 34. Ne2
f4 35. Nd4 Nf5 36. Nb3 b6 37. Rab1 Nxh4 38. Nxa5 Nf5 39. Nc6+ Bxc6 40. dxc6 Nd6
41. Bd5 Rf5 42. Rbd1 Re8 43. e7 Rg5 44. Re6 Rg7 45. Rde1 Nc8 46. Rf6 Rgxe7 47.
Rxe7 Nxe7 48. Be4 Nc8 49. Rxf4 Nd6 50. Bg6 Re1+ 51. Kh2 Re6 52. Bd3 Re5 53. Kg3
Rc5 54. Rf8+ Ka7 55. Bb5 Nf5+ 56. Kf4 Nd6 57. Kg3 Nf5+ 58. Kf4 Nd6 59. Kg3 Nxb5
60. axb5 Rxb5 61. Rc8 Rc5 62. Rxc7+ Ka6 63. Rc8 b5 64. f4 gxf3 65. gxf3 Kb6 66.
f4 Rxc6 67. Rb8+ Kc5 68. f5 b4 69. Kf4 h4 70. Kg5 h3 71. f6 Rc7 72. Rh8 b3 73.
Rxh3 Kc4 74. Kg6 b2 75. Rh1 Kb3 76. Rb1 Kc2 77. Rxb2+ Kxb2 78. f7 Rxf7 79. Kxf7
1/2-1/2

[Event "Madrid-ch 2018-2019 - Semifinal"]
[Site "Madrid ESP"]
[Date "2019.05.06"]
[Round "1.7"]
[White "Gueler Berdasco, Martin"]
[Black "Mkrtchyan, Levon"]
[Result "0-1"]
[WhiteElo "1917"]
[BlackElo "2168"]
[PlyCount "78"]
[EventDate "2019.05.06"]
[EventType "swiss"]
[EventRounds "9"]
[EventCountry "ESP"]
[SourceTitle "Ajedrez en Madrid"]
[Source "lmi"]
[SourceDate "2019.05.06"]
[SourceVersion "1"]
[SourceVersionDate "2019.05.20"]
[SourceQuality "2"]

1. c4 Nf6 2. g3 c5 3. Bg2 Nc6 4. Nc3 g6 5. Nf3 d6 6. d4 cxd4 7. Nxd4 Bd7 8. b3
Bg7 9. Bb2 O-O 10. O-O Qa5 11. Nd5 Nxd5 12. Nxc6 bxc6 13. Bxg7 Kxg7 14. cxd5 c5
15. Qe1 Qxe1 16. Rfxe1 a5 17. e4 a4 18. Bf1 Rfb8 19. Rab1 axb3 20. axb3 Rb4 21.
Re3 Rab8 22. Ra1 Rxb3 23. Rxb3 Rxb3 24. Ra7 Bg4 25. h3 Bf3 26. Bg2 Bxg2 27.
Kxg2 Kf6 28. Rd7 h5 29. g4 hxg4 30. hxg4 g5 31. f3 Rb2+ 32. Kg3 c4 33. Rc7 Rc2
34. Rd7 Rc1 35. Kf2 c3 36. Ke2 c2 37. Rc7 e6 38. dxe6 fxe6 39. Kf2 Rh1 0-1

[Event "Madrid-ch 2018-2019 - Semifinal"]
[Site "Madrid ESP"]
[Date "2019.05.06"]
[Round "1.8"]
[White "Nieto De La Cruz, Julio"]
[Black "Garcia Serrano, Jose Manuel"]
[Result "1-0"]
[WhiteElo "2168"]
[BlackElo "1912"]
[PlyCount "107"]
[EventDate "2019.05.06"]
[EventType "swiss"]
[EventRounds "9"]
[EventCountry "ESP"]
[SourceTitle "Ajedrez en Madrid"]
[Source "lmi"]
[SourceDate "2019.05.06"]
[SourceVersion "1"]
[SourceVersionDate "2019.05.20"]
[SourceQuality "2"]

1. d4 d5 2. c4 Nc6 3. Nf3 Bg4 4. Bf4 Bxf3 5. gxf3 dxc4 6. d5 e5 7. Bg3 Nb4 8.
e4 Bd6 9. Bxc4 Ne7 10. Nc3 O-O 11. Qd2 Ng6 12. O-O-O Qf6 13. Be2 a5 14. h4 h6
15. Kb1 Nf4 16. Rhg1 a4 17. a3 Na6 18. Nxa4 Nxe2 19. Qxe2 b5 20. Qxb5 Bxa3 21.
Kc1 Rfb8 22. Qd3 Bxb2+ 23. Nxb2 Nc5 24. Qc3 Nb3+ 25. Kb1 Ra1+ 26. Kc2 Nd4+ 27.
Rxd4 exd4 28. Qxc7 Rxb2+ 29. Kxb2 Rxg1 30. d6 Qxf3 31. Qc8+ Kh7 32. Qf5+ Qxf5
33. exf5 d3 34. Bf4 Rg4 35. d7 Rxf4 36. d8=Q Rxf2+ 37. Kc3 Rxf5 38. Qxd3 g6 39.
Qd4 h5 40. Kd3 Kg8 41. Qd8+ Kg7 42. Ke4 Kh7 43. Qf8 Rf1 44. Kd5 Rf5+ 45. Kd6
Rf6+ 46. Kd7 Rf5 47. Ke7 Re5+ 48. Kd6 Rf5 49. Qb8 Kg7 50. Qb2+ Kg8 51. Ke7 Rf1
52. Qb8+ Kh7 53. Kf8 g5 54. Qb2 1-0

[Event "Madrid-ch 2018-2019 - Semifinal"]
[Site "Madrid ESP"]
[Date "2019.05.06"]
[Round "1.9"]
[White "Marin Aso, Jose Luis"]
[Black "De La Puerta Cresis, Javier"]
[Result "0-1"]
[WhiteElo "1912"]
[BlackElo "2116"]
[PlyCount "80"]
[EventDate "2019.05.06"]
[EventType "swiss"]
[EventRounds "9"]
[EventCountry "ESP"]
[SourceTitle "Ajedrez en Madrid"]
[Source "lmi"]
[SourceDate "2019.05.06"]
[SourceVersion "1"]
[SourceVersionDate "2019.05.20"]
[SourceQuality "2"]

1. c4 c5 2. Nc3 Nf6 3. Nf3 d5 4. cxd5 Nxd5 5. e3 Nc6 6. d4 e6 7. Bb5 Bd7 8. O-O
cxd4 9. Nxd5 exd5 10. Nxd4 Bd6 11. Qh5 Nxd4 12. Bxd7+ Qxd7 13. exd4 O-O 14. Bd2
Rac8 15. Rac1 Rfe8 16. Rxc8 Rxc8 17. g3 Be7 18. Rc1 Rxc1+ 19. Bxc1 Bf6 20. Be3
Qe6 21. Qd1 h6 22. Qc2 b6 23. Qa4 Qe4 24. Qd7 g5 25. Qd6 Kg7 26. Qa3 Bxd4 27.
Bxd4+ Qxd4 28. Qxa7 Qxb2 29. a4 d4 30. Qd7 Qb1+ 31. Kg2 Qe4+ 32. f3 Qe2+ 33.
Kh3 Qe6+ 34. Qxe6 fxe6 35. Kg2 Kf6 36. Kf2 Kf5 37. h3 e5 38. Ke2 e4 39. g4+ Kf4
40. fxe4 Kxe4 0-1

[Event "Madrid-ch 2018-2019 - Semifinal"]
[Site "Madrid ESP"]
[Date "2019.05.06"]
[Round "1.10"]
[White "Iagar, Razvan-Gabriel"]
[Black "Vazquez Gonzalez, Jesus"]
[Result "1-0"]
[WhiteElo "2104"]
[BlackElo "1901"]
[PlyCount "143"]
[EventDate "2019.05.06"]
[EventType "swiss"]
[EventRounds "9"]
[EventCountry "ESP"]
[SourceTitle "Ajedrez en Madrid"]
[Source "lmi"]
[SourceDate "2019.05.06"]
[SourceVersion "1"]
[SourceVersionDate "2019.05.20"]
[SourceQuality "2"]

1. d4 Nf6 2. Nf3 e6 3. Bf4 c5 4. e3 Qb6 5. Qc1 Nc6 6. c3 Nh5 7. Bg5 h6 8. Bh4
g5 9. Bg3 Nxg3 10. hxg3 cxd4 11. exd4 Bg7 12. Nbd2 d5 13. Qc2 Bd7 14. Qb3 Qxb3
15. axb3 O-O 16. Be2 Rfe8 17. O-O e5 18. Nxe5 Nxe5 19. dxe5 Rxe5 20. Bd3 g4 21.
Rfd1 h5 22. b4 b6 23. Nb3 Re7 24. Bf1 Be6 25. Nd4 Bxd4 26. Rxd4 Rc8 27. Bd3 Rd7
28. Bb5 Re7 29. Ba6 Rcc7 30. Kf1 Kg7 31. Re1 f6 32. Rd2 Kf7 33. Rd4 Kg7 34. Ra1
Kf7 35. Bd3 Rc8 36. Bc2 Rc4 37. Rad1 Rxd4 38. Rxd4 b5 39. Bb3 Rd7 40. Ke2 Ke7
41. Ke3 Kd6 42. Bc2 Rg7 43. Rd1 Ke5 44. Bd3 a6 45. Bc2 Rg5 46. Ra1 Bc8 47. Bd3
Rg7 48. Rh1 Rg5 49. f4+ gxf3 50. gxf3 Kd6 51. Kf2 d4 52. f4 Rg7 53. cxd4 Kd5
54. Rxh5+ Kxd4 55. Rc5 Bb7 56. Bf5 Rg8 57. Rc7 Bd5 58. g4 Rh8 59. Bh7 Re8 60.
Ra7 Kc4 61. Rxa6 Rh8 62. Bf5 Rh2+ 63. Kg3 Rg2+ 64. Kh3 Rxb2 65. Rxf6 Kxb4 66.
g5 Kc3 67. Be6 Be4 68. g6 Rg2 69. Bg4 Bd5 70. Rd6 Rd2 71. Rxd5 Rxd5 72. g7 1-0

[Event "Madrid-ch 2018-2019 - Semifinal"]
[Site "Madrid ESP"]
[Date "2019.05.06"]
[Round "1.11"]
[White "Ruiz Quevedo, Andres"]
[Black "Pastor Alonso De Prado, Alberto"]
[Result "1-0"]
[WhiteElo "1900"]
[BlackElo "2094"]
[PlyCount "63"]
[EventDate "2019.05.06"]
[EventType "swiss"]
[EventRounds "9"]
[EventCountry "ESP"]
[SourceTitle "Ajedrez en Madrid"]
[Source "lmi"]
[SourceDate "2019.05.06"]
[SourceVersion "1"]
[SourceVersionDate "2019.05.20"]
[SourceQuality "2"]

1. b3 e5 2. Bb2 Nc6 3. c4 Nf6 4. e3 g6 5. d3 Bg7 6. a3 d5 7. cxd5 Nxd5 8. Nf3
O-O 9. Qc2 a5 10. Be2 Be6 11. Nbd2 Nb6 12. O-O f5 13. Rac1 g5 14. d4 exd4 15.
Nxd4 Nxd4 16. Bxd4 Bxd4 17. exd4 Rf7 18. Nf3 Rg7 19. Bd3 g4 20. Ne5 Qxd4 21.
Rfe1 a4 22. Bxf5 Bxb3 23. Qb1 Rf8 24. Re4 Qd2 25. Ree1 Qf4 26. Be4 Qxf2+ 27.
Kh1 Qd4 28. Bxb7 Re8 29. Re4 Qd2 30. Rce1 Rb8 31. Nxg4 Nd5 32. Bxd5+ 1-0

[Event "Madrid-ch 2018-2019 - Semifinal"]
[Site "Madrid ESP"]
[Date "2019.05.06"]
[Round "1.12"]
[White "Pindado Campos, Raul"]
[Black "Viñas Lopez, Carlos"]
[Result "1-0"]
[WhiteElo "2089"]
[BlackElo "1884"]
[PlyCount "139"]
[EventDate "2019.05.06"]
[EventType "swiss"]
[EventRounds "9"]
[EventCountry "ESP"]
[SourceTitle "Ajedrez en Madrid"]
[Source "lmi"]
[SourceDate "2019.05.06"]
[SourceVersion "1"]
[SourceVersionDate "2019.05.20"]
[SourceQuality "2"]

1. e4 e6 2. d4 d5 3. Bd3 dxe4 4. Bxe4 Nf6 5. Bf3 c5 6. Ne2 cxd4 7. Nxd4 Bc5 8.
c3 O-O 9. O-O e5 10. Nb3 Qxd1 11. Rxd1 Bb6 12. N1d2 Nc6 13. Nc4 Bc7 14. Nd6 Rd8
15. Nxc8 Rxd1+ 16. Bxd1 Rxc8 17. Be2 Bb6 18. Nd2 h6 19. Nc4 Bc7 20. Be3 Rd8 21.
Rd1 Rxd1+ 22. Bxd1 Nd5 23. Bd2 Kf8 24. Bf3 Nb6 25. Ne3 g6 26. Nd5 Nxd5 27.
Bxh6+ Ke7 28. Bxd5 f5 29. Bg5+ Kf8 30. Be3 a6 31. Bc5+ Kg7 32. a4 Kf6 33. Ba3
e4 34. b4 Bd6 35. Bb2 Be5 36. b5 axb5 37. axb5 Na7 38. Bc4 Nc8 39. h3 Nb6 40.
Bb3 Nd7 41. Kf1 Nc5 42. Bc2 b6 43. Ke2 Ke6 44. g3 Kd5 45. c4+ Ke6 46. Bc1 Bd4
47. f3 exf3+ 48. Kxf3 Kf6 49. g4 fxg4+ 50. Kxg4 Ne6 51. Be4 Nc5 52. Bg5+ Kg7
53. Bd5 Bf6 54. Bf4 Bd4 55. Bc7 Nd3 56. Kf3 Bc5 57. Bg3 Kf6 58. Bh4+ g5 59. Bg3
Ne5+ 60. Ke4 Nd7 61. Bc6 Nf8 62. Be5+ Kg6 63. Be8+ Kh6 64. Kf5 Be7 65. Bc7 Bc5
66. Bd8 Nh7 67. Bg6 Bd4 68. Bxh7 Kxh7 69. Bxg5 Bc5 70. Bd8 1-0

[Event "Madrid-ch 2018-2019 - Semifinal"]
[Site "Madrid ESP"]
[Date "2019.05.06"]
[Round "1.13"]
[White "Vicente Sastre, Diego"]
[Black "Nuñez Reiz, Antonio"]
[Result "0-1"]
[WhiteElo "1881"]
[BlackElo "2083"]
[PlyCount "58"]
[EventDate "2019.05.06"]
[EventType "swiss"]
[EventRounds "9"]
[EventCountry "ESP"]
[SourceTitle "Ajedrez en Madrid"]
[Source "lmi"]
[SourceDate "2019.05.06"]
[SourceVersion "1"]
[SourceVersionDate "2019.05.20"]
[SourceQuality "2"]

1. e4 c5 2. Nf3 e6 3. d3 b5 4. g3 Bb7 5. Nbd2 Nf6 6. Bg2 d6 7. O-O Nc6 8. c3
Be7 9. Re1 O-O 10. Qe2 a5 11. d4 cxd4 12. cxd4 Qb6 13. e5 Nd5 14. Ne4 dxe5 15.
dxe5 Nd4 16. Nxd4 Qxd4 17. Bg5 Qxe5 18. Qh5 Qf5 19. Qh4 Bxg5 20. Nxg5 h6 21.
Ne4 Rab8 22. Nd6 Qc2 23. Be4 Qxb2 24. Rab1 Qxa2 25. Rxb5 Ba8 26. Bb1 Qd2 27.
Qe4 Nf6 28. Qe5 Nd7 29. Qe2 Qxd6 0-1

[Event "Madrid-ch 2018-2019 - Semifinal"]
[Site "Madrid ESP"]
[Date "2019.05.06"]
[Round "1.14"]
[White "Collado Barbas, Laura"]
[Black "Largo Barbero, Benito"]
[Result "1-0"]
[WhiteElo "2048"]
[BlackElo "1878"]
[PlyCount "73"]
[EventDate "2019.05.06"]
[EventType "swiss"]
[EventRounds "9"]
[EventCountry "ESP"]
[SourceTitle "Ajedrez en Madrid"]
[Source "lmi"]
[SourceDate "2019.05.06"]
[SourceVersion "1"]
[SourceVersionDate "2019.05.20"]
[SourceQuality "2"]

1. d4 Nf6 2. c4 e5 3. dxe5 Ng4 4. Bf4 Nc6 5. Nf3 Bb4+ 6. Nbd2 Qe7 7. a3 Ngxe5
8. Nxe5 Nxe5 9. e3 Bc5 10. Be2 d6 11. Qb3 a6 12. Qc3 O-O 13. h4 Bd7 14. h5 b5
15. h6 g6 16. Ne4 Ba7 17. Bxe5 dxe5 18. cxb5 Bxb5 19. Bxb5 axb5 20. Qc6 f5 21.
Nc3 f4 22. Nd5 Qf7 23. Qxc7 fxe3 24. Qxf7+ Rxf7 25. fxe3 Rc8 26. Rd1 Rc2 27.
Rf1 Rxf1+ 28. Kxf1 Rxb2 29. Rc1 Rb3 30. Nf6+ Kf7 31. Nxh7 Bxe3 32. Rc7+ Ke6 33.
Nf8+ Kf5 34. h7 Rb1+ 35. Ke2 Rh1 36. Kxe3 g5 37. Rg7 1-0

[Event "Madrid-ch 2018-2019 - Semifinal"]
[Site "Madrid ESP"]
[Date "2019.05.06"]
[Round "1.15"]
[White "Garcia Galeote, Lorenzo"]
[Black "Robles Diaz, Jose Alberto"]
[Result "0-1"]
[WhiteElo "1873"]
[BlackElo "2044"]
[PlyCount "152"]
[EventDate "2019.05.06"]
[EventType "swiss"]
[EventRounds "9"]
[EventCountry "ESP"]
[SourceTitle "Ajedrez en Madrid"]
[Source "lmi"]
[SourceDate "2019.05.06"]
[SourceVersion "1"]
[SourceVersionDate "2019.05.20"]
[SourceQuality "2"]

1. d4 Nf6 2. c4 e6 3. Nf3 b6 4. e3 Bb7 5. Bd3 Be7 6. O-O O-O 7. Nc3 d5 8. b3
Nbd7 9. Bb2 c5 10. Rc1 a6 11. Qe2 dxc4 12. Bxc4 b5 13. Bd3 Rc8 14. Rfd1 cxd4
15. Nxd4 Qb6 16. Bb1 Rc7 17. a3 Rfc8 18. b4 Ne5 19. Ba2 Nc4 20. Na4 Qa7 21.
Bxc4 Rxc4 22. Rxc4 Rxc4 23. Nb3 Rc8 24. Bd4 Qb8 25. Nac5 Qa8 26. Nxb7 Qxb7 27.
Bc5 Nd5 28. Qg4 Bf6 29. Bd4 Bxd4 30. Rxd4 h6 31. Nc5 Qc6 32. Qd1 a5 33. e4 axb4
34. exd5 Qxc5 35. Rxb4 Qxd5 36. Rb1 Qxd1+ 37. Rxd1 Rc3 38. Ra1 Rb3 39. g3 g5
40. a4 b4 41. a5 Ra3 42. Rb1 Rxa5 43. Rxb4 h5 44. f3 Kg7 45. h4 Kg6 46. hxg5
Kxg5 47. Kg2 Ra2+ 48. Kg1 f5 49. Kf1 Rd2 50. Kg1 Rd7 51. Kg2 Rh7 52. Ra4 h4 53.
gxh4+ Rxh4 54. Ra6 Rh6 55. Ra4 e5 56. Rb4 Ra6 57. Rc4 Ra2+ 58. Kf1 Rd2 59. f4+
exf4 60. Rc8 Kg4 61. Rc3 Ra2 62. Rd3 f3 63. Rd8 Kf4 64. Rf8 Rh2 65. Rf7 Rh5 66.
Kf2 Rg5 67. Rf8 Rg2+ 68. Kf1 Ra2 69. Rf7 f2 70. Rf8 Ke3 71. Rg8 Kf3 72. Rg3+
Ke4 73. Rg2 Ra1+ 74. Kxf2 Ra2+ 75. Kf1 Rxg2 76. Kxg2 Ke3 0-1

[Event "Madrid-ch 2018-2019 - Semifinal"]
[Site "Madrid ESP"]
[Date "2019.05.06"]
[Round "1.16"]
[White "Cao Armillas, Jesus"]
[Black "Garcia Prados, David"]
[Result "1/2-1/2"]
[WhiteElo "2043"]
[BlackElo "1866"]
[PlyCount "96"]
[EventDate "2019.05.06"]
[EventType "swiss"]
[EventRounds "9"]
[EventCountry "ESP"]
[SourceTitle "Ajedrez en Madrid"]
[Source "lmi"]
[SourceDate "2019.05.06"]
[SourceVersion "1"]
[SourceVersionDate "2019.05.20"]
[SourceQuality "2"]

1. d4 Nf6 2. c4 g6 3. Nf3 Bg7 4. g3 O-O 5. Bg2 d5 6. cxd5 Nxd5 7. O-O Nb6 8.
Nc3 Nc6 9. e3 Nc4 10. b3 Nd6 11. Bb2 e5 12. d5 Ne7 13. Rc1 Bg4 14. h3 Bxf3 15.
Qxf3 f5 16. Qe2 a6 17. Rc2 Qd7 18. Rfc1 Rfc8 19. Kh2 h6 20. Ba3 b6 21. h4 e4
22. Qd2 g5 23. h5 Be5 24. Ne2 Nb5 25. Bxe7 Qxe7 26. Rc6 Nd6 27. Nd4 Bxd4 28.
Qxd4 Qf7 29. Kg1 g4 30. Bf1 Qe7 31. a4 a5 32. Be2 Kh7 33. Qc3 Ra7 34. Bb5 Kg8
35. Kg2 Kh7 36. Qd4 Rf8 37. Be2 Rf7 38. Qc3 Rg7 39. Rh1 Qf7 40. Qe5 Qe7 41.
Qxe7 Rxe7 42. Rhc1 Rd7 43. Bb5 Kg7 44. Rd1 Kf6 45. Be2 Kg5 46. Rh1 Kf6 47. Rd1
Kg5 48. Rh1 Kf6 1/2-1/2

[Event "Madrid-ch 2018-2019 - Semifinal"]
[Site "Madrid ESP"]
[Date "2019.05.06"]
[Round "1.17"]
[White "Rueda Maria, Ramiro"]
[Black "Sanchez Garcia, Aurelio"]
[Result "0-1"]
[WhiteElo "1843"]
[BlackElo "2042"]
[PlyCount "80"]
[EventDate "2019.05.06"]
[EventType "swiss"]
[EventRounds "9"]
[EventCountry "ESP"]
[SourceTitle "Ajedrez en Madrid"]
[Source "lmi"]
[SourceDate "2019.05.06"]
[SourceVersion "1"]
[SourceVersionDate "2019.05.20"]
[SourceQuality "2"]

1. e4 c5 2. Nf3 g6 3. d4 cxd4 4. Nxd4 Bg7 5. Be3 Nc6 6. Be2 Nf6 7. Nc3 O-O 8.
Qd2 d5 9. exd5 Nxd5 10. Nxd5 Nxd4 11. Bc4 Nf5 12. Bg5 h6 13. Bf4 e5 14. Be3
Nxe3 15. Nxe3 Qxd2+ 16. Kxd2 Bd7 17. Rad1 Rfd8 18. Ke2 Be8 19. Nd5 Kf8 20. Nc7
Rxd1 21. Kxd1 Rd8+ 22. Bd3 Bc6 23. Kc1 Rd7 24. Nb5 Rxd3 25. cxd3 Bxb5 26. Kc2
Ke7 27. Re1 Kd6 28. f3 f5 29. g4 f4 30. Kd2 Bf6 31. Rc1 Bc6 32. Ke2 Bd8 33. Rc4
a5 34. b3 Kd5 35. Rc2 Be7 36. Rc1 Bc5 37. Rc4 Bb5 38. Rc2 Kd4 39. Rd2 Bb4 40.
Rd1 Bc3 0-1

[Event "Madrid-ch 2018-2019 - Semifinal"]
[Site "Madrid ESP"]
[Date "2019.05.06"]
[Round "1.18"]
[White "Martinez Aragon, Aitor"]
[Black "Garcia Sanz, Eduardo"]
[Result "0-1"]
[WhiteElo "2038"]
[BlackElo "1820"]
[PlyCount "96"]
[EventDate "2019.05.06"]
[EventType "swiss"]
[EventRounds "9"]
[EventCountry "ESP"]
[SourceTitle "Ajedrez en Madrid"]
[Source "lmi"]
[SourceDate "2019.05.06"]
[SourceVersion "1"]
[SourceVersionDate "2019.05.20"]
[SourceQuality "2"]

1. e4 c5 2. Nf3 e6 3. d4 cxd4 4. Nxd4 Nc6 5. Nc3 Qc7 6. Be3 a6 7. Be2 Nf6 8.
O-O b5 9. a3 Bb7 10. f4 Nxd4 11. Qxd4 d5 12. exd5 Nxd5 13. Nxd5 Bxd5 14. a4 b4
15. c4 bxc3 16. bxc3 Qc6 17. Bf3 Bxf3 18. Rxf3 Rd8 19. Qb6 Rc8 20. f5 e5 21. a5
Be7 22. Rb1 O-O 23. Qxc6 Rxc6 24. Rb6 Rfc8 25. Kf1 Bd8 26. Rxc6 Rxc6 27. Bb6
Bxb6 28. axb6 Rxb6 29. Rd3 Kf8 30. Rd5 f6 31. Rd8+ Ke7 32. Rg8 Kf7 33. Ra8 h6
34. Ra7+ Kg8 35. Kf2 Rc6 36. h3 Kh7 37. c4 h5 38. g3 Kh6 39. h4 g6 40. fxg6
Kxg6 41. Kf3 Rxc4 42. Rxa6 Kf5 43. Ra3 Rd4 44. Rb3 e4+ 45. Kf2 Rd2+ 46. Ke1 Rd3
47. Rb5+ Kg4 48. Rb4 f5 0-1

[Event "Madrid-ch 2018-2019 - Semifinal"]
[Site "Madrid ESP"]
[Date "2019.05.06"]
[Round "1.20"]
[White "Cabañas Bravo, Juan Andres"]
[Black "De Luna Butz, Alberto"]
[Result "1/2-1/2"]
[WhiteElo "2010"]
[BlackElo "1775"]
[PlyCount "105"]
[EventDate "2019.05.06"]
[EventType "swiss"]
[EventRounds "9"]
[EventCountry "ESP"]
[SourceTitle "Ajedrez en Madrid"]
[Source "lmi"]
[SourceDate "2019.05.06"]
[SourceVersion "1"]
[SourceVersionDate "2019.05.20"]
[SourceQuality "2"]

1. e4 d5 2. exd5 Qxd5 3. Nc3 Qd8 4. d4 Nf6 5. Nf3 Bg4 6. h3 Bxf3 7. Qxf3 c6 8.
Be3 e6 9. Bd3 Bd6 10. O-O-O Nbd7 11. Kb1 Qc7 12. g4 O-O 13. Ne2 c5 14. c3 c4
15. Bc2 b5 16. Rhg1 Rfb8 17. Nf4 Nb6 18. g5 Nfd5 19. Rg4 Bxf4 20. Bxf4 Nxf4 21.
Rxf4 Nd5 22. Bxh7+ Kf8 23. Re4 Rb6 24. Rde1 Qd7 25. Re5 Rab8 26. Be4 Ne7 27. g6
Ng8 28. Bc2 b4 29. Ba4 Qb7 30. Qxf7+ Qxf7 31. gxf7 Kxf7 32. b3 bxc3 33. Kc2 Nf6
34. Kxc3 Nd5+ 35. Kxc4 Rc8+ 36. Kd3 Rc3+ 37. Kd2 Rxh3 38. Bd7 Nf4 39. R1e3 Ke7
40. Bc8 Rc6 41. Bb7 Rc7 42. Ba6 Rh2 43. Rf3 Ng6 44. Rg5 Nh4 45. Rxg7+ Kd6 46.
Rxc7 Nxf3+ 47. Ke3 Kxc7 48. Kxf3 Kd6 49. Bc4 Rh1 50. Ke4 Re1+ 51. Kd3 a5 52. a4
Rf1 53. Ke2 1/2-1/2